[Event "Cannes Martinez op"]
[Site "Cannes"]
[Date "1995.??.??"]
[Round "7"]
[White "Colson, Arnaud"]
[Black "Vialaret, Laurent"]
[Result "1/2-1/2"]
[WhiteElo "2010"]
[BlackElo "2050"]
[PlyCount "44"]
[EventDate "1995.07.??"]
[EventType "swiss"]
[EventRounds "9"]
[EventCountry "FRA"]
[SourceTitle "EXT 1998"]
[Source "ChessBase"]
[SourceDate "1997.11.17"]
[SourceVersion "1"]
[SourceVersionDate "1997.11.17"]
[SourceQuality "1"]

1. e4 e5 2. f4 Bc5 3. Nf3 d6 4. c3 Nf6 5. fxe5 dxe5 6. d4 exd4 7. cxd4 Bb4+ 8. Bd2 Bxd2+ 9. Nbxd2 0-0 10. Bd3 Nc6 11. d5 Re8 12. 0-0 Ne5 13. Nxe5 Rxe5 14. Qc2 Bg4 15. Rac1 Rc8 16. Nc4 Rh5 17. Qf2 Qe7 18. Qd4 c5 19. dxc6 Rd8 20. Qe3 bxc6 21. h3 Be6 22. Be2 Bxc4 1/2-1/2

[Event "Cannes Martinez op"]
[Site "Cannes"]
[Date "1995.??.??"]
[Round "4"]
[White "Corrigan, Francis"]
[Black "Vialaret, Laurent"]
[Result "1-0"]
[WhiteElo "2055"]
[BlackElo "2090"]
[PlyCount "37"]
[EventDate "1995.07.??"]
[EventType "swiss"]
[EventRounds "9"]
[EventCountry "FRA"]
[SourceTitle "EXT 1998"]
[Source "ChessBase"]
[SourceDate "1997.11.17"]
[SourceVersion "1"]
[SourceVersionDate "1997.11.17"]
[SourceQuality "1"]

1. d4 f5 2. e4 fxe4 3. Nc3 Nf6 4. Bg5 Nc6 5. f3 exf3 6. Nxf3 d5 7. Bd3 Bg4 8. 0-0 Qd7 9. Bb5 e6 10. Qd2 Bxf3 11. Rxf3 0-0-0 12. Re1 Re8 13. Bxf6 gxf6 14. Rxf6 Rg8 15. Bxc6 Qxc6 16. Qe3 Kd7 17. Rf7+ Re7 18. Ref1 Ke8 19. Qf3 1-0

[Event "Saint Affrique op"]
[Site "Saint Affrique"]
[Date "1994.??.??"]
[Round "?"]
[White "Pira, Davoud"]
[Black "Vialaret, Laurent"]
[Result "1-0"]
[WhiteElo "2335"]
[BlackElo "2100"]
[PlyCount "87"]
[EventDate "1994.07.??"]
[EventType "swiss"]
[EventRounds "7"]
[EventCountry "FRA"]
[SourceTitle "EXT 1999"]
[Source "ChessBase"]
[SourceDate "1998.11.16"]
[SourceVersion "1"]
[SourceVersionDate "1998.11.16"]
[SourceQuality "1"]

1. d4 f5 2. Nc3 d5 3. Bg5 Nf6 4. Bxf6 exf6 5. e3 Be6 6. Bd3 Qd7 7. Qf3 Nc6 8. Nge2 g5 9. g3 0-0-0 10. h4 h6 11. Rh2 Nb4 12. 0-0-0 Nxd3+ 13. Rxd3 Bg7 14. Kb1 Rhe8 15. Nc1 b6 16. N3e2 Kb8 17. Qh1 Re7 18. Rb3 Qd6 19. Nd3 Bc8 20. Qf3 c6 21. Rh1 Rb7 22. Rc1 Qe6 23. Nc3 Bf8 24. Ne2 Bd6 25. Qh5 Bf8 26. hxg5 hxg5 27. f4 Bd7 28. Ne5 Be8 29. Qh1 b5 30. Rd3 Ka8 31. Rd2 Rdb8 32. c3 a5 33. b3 Qe7 34. Rcc2 a4 35. b4 a3 36. Nc1 Ra7 37. Ned3 Qg7 38. Rh2 Rd8 39. Rcg2 Ra4 40. Qe1 Rd6 41. Qd1 Bg6 42. Rh3 Be8 43. Nc5 Ra7 44. Qc2 1-0